| 000 | 00780nam a2200229 i 4500 | ||
|---|---|---|---|
| 001 | 161941 | ||
| 003 | ES-MaACL | ||
| 005 | 20240301063057.0 | ||
| 008 | 041029s1876 sp |||| | spa d | ||
| 040 |
_bspa _cES-MaACL |
||
| 080 | _a272 Ultramontanismo | ||
| 100 | 1 |
_aPeris y Valero, José. _9131027 _eaut |
|
| 245 | 1 | 3 |
_aEl ultramontanismo y la guerra civil / _cpor José Peris y Valero. |
| 260 |
_aValencia : _b[s.n.], _c1876 _f(Imprenta de El Mercantil) |
||
| 300 |
_a302 páginas ; _c16 cm. |
||
| 650 | 4 |
_9227137 _aUltramontanismo |
|
| 651 |
_aEspaña- _xHistoria- _y1872-1876, Guerra carlista _9179965 |
||
| 852 |
_aES-MaACL _cSVI _jD-470 _xEncuadernación holandesa |
||
| 942 |
_cMONANT _n0 |
||
| 999 |
_c161941 _d161941 |
||